[Event "Europe Echecs online op April"]
[Site "Europe Echecs INT"]
[Date "2020.04.11"]
[Round "8"]
[White "Devallee, Jeremie"]
[Black "Rapin, Florian"]
[Result "1-0"]
[WhiteElo "2200"]
[BlackElo "1820"]
[PlyCount "113"]
[EventDate "2020.04.11"]
[EventType "swiss (blitz)"]
[EventRounds "11"]
[EventCountry "FRA"]
[SourceTitle "EXT 2021"]
[Source "ChessBase"]
[SourceDate "2020.10.23"]
[SourceVersion "1"]
[SourceVersionDate "2020.10.23"]
[SourceQuality "1"]

1. e4 e6 2. Nf3 d5 3. e5 c5 4. b4 cxb4 5. a3 bxa3 6. d4 Nc6 7. c3 Qa5 8. Bxa3 Bxa3 9. Rxa3 Qc7 10. Bd3 h6 11. h4 Nge7 12. h5 Bd7 13. 0-0 Na5 14. Nbd2 Nc4 15. Bxc4 dxc4 16. Ne4 0-0 17. Qd2 Nd5 18. Nh2 Bc6 19. Ng4 f5 20. exf6 Nxf6 21. Nexf6+ Rxf6 22. Nxf6+ gxf6 23. Qxh6 Qg7 24. Qxg7+ Kxg7 25. f3 f5 26. Re1 Kf6 27. Ra5 b6 28. Rae5 Bd5 29. g4 Rg8 30. Rf1 fxg4 31. fxg4+ Ke7 32. g5 a5 33. Rfe1 a4 34. Rxd5 a3 35. Rb5 a2 36. Ra1 Ra8 37. g6 Ra3 38. h6 Rb3 39. Rg5 Rb1+ 40. Kh2 Rxa1 41. g7 Rh1+ 42. Kxh1 a1Q+ 43. Rg1 Qxc3 44. Kh2 Qd2+ 45. Rg2 Qxh6+ 46. Kg1 Qe3+ 47. Kh1 Qe1+ 48. Kh2 Qh4+ 49. Kg1 Qh7 50. g8Q Qxg8 51. Rxg8 b5 52. Rb8 Kd6 53. Rxb5 c3 54. Rc5 c2 55. Rxc2 Kd5 56. Rd2 Ke4 57. Kf2 1-0

[Event "Europe Echecs online op April"]
[Site "Europe Echecs INT"]
[Date "2020.04.11"]
[Round "4"]
[White "Gatineau, Yovann"]
[Black "Rapin, Florian"]
[Result "1-0"]
[WhiteElo "2423"]
[BlackElo "1820"]
[PlyCount "57"]
[EventDate "2020.04.11"]
[EventType "swiss (blitz)"]
[EventRounds "11"]
[EventCountry "FRA"]
[SourceTitle "EXT 2021"]
[Source "ChessBase"]
[SourceDate "2020.10.23"]
[SourceVersion "1"]
[SourceVersionDate "2020.10.23"]
[SourceQuality "1"]

1. e4 e6 2. d4 d5 3. Nd2 Nf6 4. Bd3 dxe4 5. Nxe4 Nxe4 6. Bxe4 Nc6 7. Nf3 Bd7 8. 0-0 Be7 9. Re1 0-0 10. c4 Rb8 11. d5 exd5 12. cxd5 Nb4 13. Bf4 Bd6 14. Bg5 f6 15. Bd2 Bg4 16. a3 Na6 17. h3 Bxf3 18. Qxf3 Nc5 19. Bc2 Re8 20. Qh5 g6 21. Bxg6 hxg6 22. Qxg6+ Kh8 23. Rxe8+ Qxe8 24. Qxf6+ Kg8 25. Bc3 Qd7 26. Qh8+ Kf7 27. Qg7+ Ke8 28. Re1+ Be7 29. Qg8# 1-0

[Event "Europe Echecs online op April"]
[Site "Europe Echecs INT"]
[Date "2020.04.11"]
[Round "3"]
[White "Rapin, Florian"]
[Black "Loubieres, Francois"]
[Result "1-0"]
[WhiteElo "1820"]
[BlackElo "1703"]
[PlyCount "43"]
[EventDate "2020.04.11"]
[EventType "swiss (blitz)"]
[EventRounds "11"]
[EventCountry "FRA"]
[SourceTitle "EXT 2021"]
[Source "ChessBase"]
[SourceDate "2020.10.23"]
[SourceVersion "1"]
[SourceVersionDate "2020.10.23"]
[SourceQuality "1"]

1. d4 d5 2. g3 e6 3. Bg2 Nf6 4. Nf3 Be7 5. 0-0 0-0 6. c3 b6 7. Bg5 Bb7 8. Nbd2 h6 9. Bf4 Nbd7 10. Ne5 c5 11. Nb3 Nh5 12. Nxd7 Qxd7 13. Be3 Nf6 14. dxc5 Bxc5 15. Nxc5 Qb5 16. Nxb7 Rab8 17. Nd6 Qc6 18. Nxf7 Rxf7 19. Bd4 Rbf8 20. Qd3 Ng4 21. f3 e5 22. fxg4 1-0

[Event "Europe Echecs online op April"]
[Site "Europe Echecs INT"]
[Date "2020.04.11"]
[Round "9"]
[White "Rapin, Florian"]
[Black "Renard, Stephane"]
[Result "0-1"]
[WhiteElo "1820"]
[BlackElo "1932"]
[PlyCount "120"]
[EventDate "2020.04.11"]
[EventType "swiss (blitz)"]
[EventRounds "11"]
[EventCountry "FRA"]
[SourceTitle "EXT 2021"]
[Source "ChessBase"]
[SourceDate "2020.10.23"]
[SourceVersion "1"]
[SourceVersionDate "2020.10.23"]
[SourceQuality "1"]

1. d4 f5 2. g3 Nf6 3. Bg2 e6 4. Nf3 b6 5. c3 Bb7 6. Bg5 h6 7. Bf4 d6 8. 0-0 Nc6 9. Nbd2 Qe7 10. Re1 g5 11. Be3 e5 12. dxe5 dxe5 13. Nc4 e4 14. Nd4 Nxd4 15. Bxd4 0-0-0 16. Qa4 Kb8 17. b4 Bg7 18. e3 g4 19. Ne5 Qe8 20. Qxe8 Rhxe8 21. Ng6 Rd7 22. Nf4 Ng8 23. Bxg7 Rxg7 24. Red1 Kc8 25. Rd4 Rd8 26. Rad1 Rgd7 27. Bf1 c5 28. bxc5 bxc5 29. Rxd7 Rxd7 30. Rxd7 Kxd7 31. Bb5+ Bc6 32. a4 Bxb5 33. axb5 c4 34. h3 gxh3 35. Kh2 Kd6 36. Kxh3 Kc5 37. Ne6+ Kxb5 38. Nd4+ Kc5 39. Nxf5 a5 40. Nd4 a4 41. Nc2 Kd5 42. Kg4 Ke6 43. Kf4 Nf6 44. f3 exf3 45. Kxf3 Nd5 46. Na3 Nxc3 47. Nxc4 Nb5 48. Kg4 Kf6 49. Kh5 Kg7 50. e4 a3 51. Nxa3 Nxa3 52. e5 Nb5 53. e6 Nd6 54. e7 Ne8 55. g4 Nf6+ 56. Kh4 Kg6 57. g5 hxg5+ 58. Kg3 Kf7 59. e8Q+ Kxe8 60. Kf3 Ke7 0-1

[Event "Cholet-B"]
[Site "Cholet"]
[Date "2012.02.22"]
[Round "6"]
[White "Rapin, Florian"]
[Black "Daniel, Jean Claude"]
[Result "1/2-1/2"]
[WhiteElo "1783"]
[BlackElo "1881"]
[PlyCount "94"]
[EventDate "2012.02.18"]
[EventType "tourn"]
[EventRounds "9"]
[EventCountry "FRA"]
[SourceTitle "EXT 2013"]
[Source "ChessBase"]
[SourceDate "2012.11.22"]
[SourceVersion "1"]
[SourceVersionDate "2012.11.22"]
[SourceQuality "1"]

1. d4 d5 2. g3 Nf6 3. Bg2 c6 4. Nf3 e6 5. 0-0 Nbd7 6. Nbd2 Bd6 7. Re1 0-0 8. e4 dxe4 9. Nxe4 Nxe4 10. Rxe4 Nf6 11. Bg5 Be7 12. Re2 h6 13. Bd2 Qb6 14. b3 Rd8 15. Qe1 a5 16. c3 c5 17. Ne5 cxd4 18. Nc4 Qb5 19. cxd4 Bb4 20. Re5 Nd5 21. Bxb4 axb4 22. Bxd5 exd5 23. Ne3 Be6 24. Nf5 Bxf5 25. Rxf5 Qd3 26. Rf4 Qc3 27. Qxc3 bxc3 28. Rc1 Rac8 29. Rc2 Re8 30. Kf1 Re6 31. Rf5 Rd6 32. Re5 Kf8 33. Ke2 b5 34. b4 f6 35. Re3 Rdc6 36. Kd3 Kf7 37. Re1 Ra8 38. Rec1 Ra3 39. Rxc3 Rcxc3+ 40. Rxc3 Rxa2 41. Rc2 Rxc2 42. Kxc2 g5 43. Kd3 Kg6 44. g4 f5 45. f3 h5 46. h3 hxg4 47. hxg4 f4 1/2-1/2

[Event "Cholet-B"]
[Site "Cholet"]
[Date "2012.02.21"]
[Round "5"]
[White "Aumont, Eric"]
[Black "Rapin, Florian"]
[Result "1/2-1/2"]
[WhiteElo "1737"]
[BlackElo "1783"]
[PlyCount "130"]
[EventDate "2012.02.18"]
[EventType "tourn"]
[EventRounds "9"]
[EventCountry "FRA"]
[SourceTitle "EXT 2013"]
[Source "ChessBase"]
[SourceDate "2012.11.22"]
[SourceVersion "1"]
[SourceVersionDate "2012.11.22"]
[SourceQuality "1"]

1. c4 c6 2. d4 d5 3. e3 Nf6 4. Nf3 Bf5 5. Nh4 Bg4 6. Nf3 h6 7. Nc3 e6 8. cxd5 exd5 9. Be2 Bd6 10. Bd2 Nbd7 11. Qb3 Qb6 12. Qxb6 axb6 13. a4 b5 14. 0-0 bxa4 15. Nxa4 0-0 16. h3 Bf5 17. Rfc1 Ne4 18. Be1 Ra7 19. Nc3 Rfa8 20. Rxa7 Rxa7 21. Nxe4 Bxe4 22. Bc3 Ra2 23. Nd2 Bg6 24. Bd1 b5 25. Bb3 Ra6 26. Nf3 f6 27. Bd1 Nb6 28. b3 Nc8 29. Ne1 Ra2 30. Ra1 Rxa1 31. Bxa1 b4 32. Bc2 Bxc2 33. Nxc2 c5 34. dxc5 Bxc5 35. Bb2 Ne7 36. Bc1 Nc6 37. Bd2 Kf7 38. Kf1 Ke6 39. Ke2 Ke5 40. Kf3 g5 41. Ne1 h5 42. Nd3+ Kd6 43. g4 hxg4+ 44. hxg4 Ne5+ 45. Nxe5 Kxe5 46. Ke2 Ke4 47. f3+ Ke5 48. Kd3 Ke6 49. e4 Kd6 50. f4 gxf4 51. Bxf4+ Ke6 52. Bc1 Bd6 53. Be3 dxe4+ 54. Kxe4 Be5 55. Bd2 Bd6 56. Kd4 Be7 57. Kc4 Ke5 58. Bxb4 Bxb4 59. Kxb4 Kf4 60. Ka5 Kxg4 61. b4 f5 62. b5 f4 63. b6 f3 64. b7 f2 65. b8Q f1Q 1/2-1/2

[Event "Cholet-B"]
[Site "Cholet"]
[Date "2012.02.20"]
[Round "4"]
[White "Rapin, Florian"]
[Black "Le Pen, Steven"]
[Result "1/2-1/2"]
[WhiteElo "1783"]
[BlackElo "1831"]
[PlyCount "61"]
[EventDate "2012.02.18"]
[EventType "tourn"]
[EventRounds "9"]
[EventCountry "FRA"]
[SourceTitle "EXT 2013"]
[Source "ChessBase"]
[SourceDate "2012.11.22"]
[SourceVersion "1"]
[SourceVersionDate "2012.11.22"]
[SourceQuality "1"]

1. d4 Nf6 2. g3 g6 3. Bg2 d5 4. Nf3 Bg7 5. 0-0 0-0 6. Nbd2 Nbd7 7. Re1 c5 8. c3 b6 9. e4 Nxe4 10. Nxe4 dxe4 11. Rxe4 Bb7 12. Rh4 cxd4 13. Nxd4 Bxg2 14. Kxg2 e5 15. Nc6 Qc7 16. Ne7+ Kh8 17. Qf3 Nf6 18. Nd5 Nxd5 19. Qxd5 Rad8 20. Qf3 f5 21. Bg5 e4 22. Qe2 Rd3 23. Rd1 Qd7 24. Rxd3 exd3 25. Qd2 Qd5+ 26. Kg1 Re8 27. Be3 Bf6 28. Bd4 Bxd4 29. Rxd4 Qxa2 30. Rxd3 Qb1+ 31. Kg2 1/2-1/2

[Event "Cholet-B"]
[Site "Cholet"]
[Date "2012.02.18"]
[Round "1"]
[White "Rapin, Florian"]
[Black "Violleau, Jean Claude"]
[Result "1-0"]
[WhiteElo "1783"]
[BlackElo "1764"]
[PlyCount "103"]
[EventDate "2012.02.18"]
[EventType "tourn"]
[EventRounds "9"]
[EventCountry "FRA"]
[SourceTitle "EXT 2013"]
[Source "ChessBase"]
[SourceDate "2012.11.22"]
[SourceVersion "1"]
[SourceVersionDate "2012.11.22"]
[SourceQuality "1"]

1. d4 Nf6 2. g3 g6 3. Bg2 Bg7 4. Nf3 0-0 5. 0-0 d5 6. c3 b6 7. Bf4 Ba6 8. Re1 Nbd7 9. Ne5 Nxe5 10. Bxe5 c6 11. Nd2 Qd7 12. e4 dxe4 13. Nxe4 Nxe4 14. Rxe4 Bb7 15. Bxg7 Kxg7 16. Qd2 h6 17. Rae1 e6 18. Re5 Rad8 19. Qe3 Qc8 20. h4 Rd6 21. h5 Qd8 22. hxg6 Kxg6 23. Qe4+ Kg7 24. Qg4+ Kh7 25. Be4+ Kh8 26. Rh5 Qf6 27. Kg2 Rg8 28. Qh3 Kg7 29. Rh1 Rh8 30. Qg4+ Kf8 31. Qh4 Qxh4 32. R1xh4 f5 33. Bf3 Kg7 34. g4 fxg4 35. Rxg4+ Kf6 36. Be4 Kf7 37. f3 Rdd8 38. Kf2 Rdg8 39. Rf4+ Ke7 40. b4 Rg5 41. Rfh4 Rxh5 42. Rxh5 a6 43. a4 Kd6 44. b5 a5 45. c4 Kc7 46. c5 cxb5 47. cxb6+ Kb8 48. Rxb5 Bxe4 49. fxe4 Kb7 50. Rxa5 Kxb6 51. Re5 Kc7 52. Rxe6 1-0

[Event "Cholet-A"]
[Site "Cholet"]
[Date "2011.03.11"]
[Round "9"]
[White "Rapin, Florian"]
[Black "Dubois, Pierre"]
[Result "1/2-1/2"]
[WhiteElo "1810"]
[BlackElo "1930"]
[PlyCount "60"]
[EventDate "2011.03.05"]
[EventType "tourn"]
[EventRounds "9"]
[EventCountry "FRA"]
[SourceTitle "EXT 2012"]
[Source "ChessBase"]
[SourceDate "2011.11.24"]
[SourceVersion "1"]
[SourceVersionDate "2011.11.24"]
[SourceQuality "1"]

1. Nf3 Nf6 2. c4 c6 3. d4 d5 4. c5 b6 5. b4 a5 6. Qa4 Bb7 7. b5 bxc5 8. Ne5 Qb6 9. dxc5 Qxc5 10. Ba3 Qxb5 11. Nc3 Qxa4 12. Nxa4 Nfd7 13. Nxd7 Nxd7 14. e3 e5 15. Bxf8 Rxf8 16. Rb1 Ba6 17. Bxa6 Rxa6 18. 0-0 Ke7 19. Rb7 Rb8 20. Rfb1 Rxb7 21. Rxb7 Kd6 22. Rxd7+ Kxd7 23. Nc5+ Kd6 24. Nxa6 c5 25. Kf1 d4 26. Ke2 c4 27. e4 h5 28. h4 g6 29. f3 f5 30. a4 f4 1/2-1/2

[Event "Cholet-A"]
[Site "Cholet"]
[Date "2011.03.06"]
[Round "2"]
[White "Rapin, Florian"]
[Black "Durand, Marcel"]
[Result "1-0"]
[WhiteElo "1810"]
[BlackElo "1770"]
[PlyCount "93"]
[EventDate "2011.03.05"]
[EventType "tourn"]
[EventRounds "9"]
[EventCountry "FRA"]
[SourceTitle "EXT 2012"]
[Source "ChessBase"]
[SourceDate "2011.11.24"]
[SourceVersion "1"]
[SourceVersionDate "2011.11.24"]
[SourceQuality "1"]

1. c4 Nf6 2. Nc3 g6 3. g3 d5 4. cxd5 Nxd5 5. Bg2 Nxc3 6. dxc3 Qxd1+ 7. Kxd1 c6 8. Nf3 Bg7 9. e4 Nd7 10. Be3 Nf6 11. Nd2 Ng4 12. Ke2 0-0 13. h3 Nxe3 14. Kxe3 Rd8 15. Rhd1 Be6 16. f4 f6 17. Bf1 Rd7 18. Bc4 Bxc4 19. Nxc4 Rad8 20. Rxd7 Rxd7 21. a4 Kf7 22. g4 Bh6 23. h4 Bf8 24. b4 Bg7 25. f5 Bh6+ 26. g5 Bg7 27. Rf1 b5 28. e5 Rd5 29. axb5 cxb5 30. Ke4 e6 31. Nd6+ Rxd6 32. fxg6+ Kxg6 33. exd6 f5+ 34. Kd3 Bf8 35. d7 Be7 36. Ra1 Bd8 37. Rxa7 Kf7 38. Kd4 Ke7 39. Ke5 Bb6 40. Rb7 Bf2 41. d8Q+ Kxd8 42. Rxh7 Be1 43. Kxe6 Bxc3 44. Kxf5 Bxb4 45. Rb7 Be1 46. h5 b4 47. g6 1-0

[Event "Cholet-A"]
[Site "Cholet"]
[Date "2011.03.05"]
[Round "1"]
[White "Cadiot, Stephane"]
[Black "Rapin, Florian"]
[Result "1-0"]
[WhiteElo "2015"]
[BlackElo "1810"]
[PlyCount "101"]
[EventDate "2011.03.05"]
[EventType "tourn"]
[EventRounds "9"]
[EventCountry "FRA"]
[SourceTitle "EXT 2012"]
[Source "ChessBase"]
[SourceDate "2011.11.24"]
[SourceVersion "1"]
[SourceVersionDate "2011.11.24"]
[SourceQuality "1"]

1. d4 d5 2. Nf3 Nf6 3. c4 c6 4. Qb3 g6 5. Bg5 dxc4 6. Qxc4 Qa5+ 7. Nc3 Ne4 8. b4 Qf5 9. Nxe4 Qxe4 10. e3 Be6 11. Qd3 Qd5 12. e4 Qd6 13. Qd2 Bg7 14. Be2 Nd7 15. 0-0 0-0 16. Bf4 Ne5 17. Bxe5 Bxe5 18. Nxe5 Rad8 19. Rfd1 f6 20. Nc4 Qb8 21. Qh6 Rd7 22. Ne3 Rfd8 23. d5 cxd5 24. exd5 Bf7 25. Bg4 f5 26. Bf3 Qe5 27. g3 e6 28. Qf4 Qxf4 29. gxf4 exd5 30. Rd4 Kf8 31. Rad1 b6 32. b5 Ke7 33. a4 Be6 34. Kf1 h6 35. Rc1 g5 36. fxg5 hxg5 37. Rc6 Rh8 38. Bxd5 Bxd5 39. Rxd5 Rxh2 40. Nxf5+ Kd8 41. Rxd7+ Kxd7 42. Kg1 Rh3 43. Ng3 Rh4 44. a5 Rb4 45. axb6 axb6 46. Rxb6 Kc7 47. Rc6+ Kd7 48. Rc5 g4 49. Nf5 Ke6 50. Kg2 Kd7 51. Kg3 1-0